000 01020nam a2200265Ia 4500
003 OSt
005 20221005105755.0
006 a|||||r|||| 00| 0
007 ta
008 221004b |||||||| |||| 00| 0 hin d
020 _a9788173096280 (hbk)
_c220
024 _a12107
037 _b1138, 20/03/2014, Anamika Publishers & Distributors Pvt. Ltd.
_cTextual
040 _aCRL
_cCRL
_bhin
041 _2hin
_ahin
082 _aO152,3N36,YP, M2;Q3
100 _aगिरीराज किशोर
245 0 _aयथा प्रस्तावित
246 _aYathā prastāvita
260 _aनई दिल्ली
_bसस्ता साहित्य मण्डल प्रकाशन भारत
_c2013
300 _a154पृ0
_ccm.
650 _aहिन्दी साहित्य
942 _hO152,3N36,YP, M2;Q3
_cTEXL
_2cc
999 _c1016865
_d1016865